Normal view
MARC view
Entry Personal Name
001 - CONTROL NUMBER
- control field: 80208
003 - CONTROL NUMBER IDENTIFIER
- control field: dpl
005 - DATE AND TIME OF LATEST TRANSACTION
- control field: 20250403142150.0
008 - FIXED-LENGTH DATA ELEMENTS
- fixed length control field: 250403|| aca||aabn | a|a d
040 ## - CATALOGING SOURCE
- Original cataloging agency: dpl
- Transcribing agency: dpl
100 ## - HEADING--PERSONAL NAME
- Personal name: प्रभात रंजन
670 ## - SOURCE DATA FOUND
- Source citation: Work cat.: (dpl)210728: आर्चर, जैफरी 80207, शैल वी टेल द प्रेसिडेंट /, 2024
